<?xml version="1.0" encoding="UTF-8"?>
<record
    xmlns:xsi="http://www.w3.org/2001/XMLSchema-instance"
    xsi:schemaLocation="http://www.loc.gov/MARC21/slim http://www.loc.gov/standards/marcxml/schema/MARC21slim.xsd"
    xmlns="http://www.loc.gov/MARC21/slim">

  <leader>01020    a2200325   4500</leader>
  <datafield tag="502" ind1=" " ind2=" ">
    <subfield code="a">Th&#xE8;se</subfield>
  </datafield>
  <datafield tag="653" ind1="1" ind2=" ">
    <subfield code="a">Sciences et Techniques de Production V&#xE9;g&#xE9;tale</subfield>
  </datafield>
  <datafield tag="100" ind1=" " ind2=" ">
    <subfield code="a">GLITHO, Maxime N.</subfield>
  </datafield>
  <datafield tag="041" ind1=" " ind2=" ">
    <subfield code="b">Fr</subfield>
  </datafield>
  <datafield tag="041" ind1=" " ind2=" ">
    <subfield code="b">En</subfield>
  </datafield>
  <datafield tag="245" ind1=" " ind2=" ">
    <subfield code="a">Evaluation du niveau de fertilit&#xE9; des sols sous divers agro&#xE9;cosyst&#xE8;mes du Ni&#xE9;b&#xE9; dans la val&#xE9;e de l'Ou&#xE9;m&#xE9;</subfield>
  </datafield>
  <datafield tag="300" ind1=" " ind2=" ">
    <subfield code="a">XVII-111 p.</subfield>
  </datafield>
  <datafield tag="650" ind1=" " ind2=" ">
    <subfield code="a">SOL</subfield>
  </datafield>
  <datafield tag="650" ind1=" " ind2=" ">
    <subfield code="a">FERTILITE</subfield>
  </datafield>
  <datafield tag="650" ind1=" " ind2=" ">
    <subfield code="a">AGRONOMIE</subfield>
  </datafield>
  <datafield tag="300" ind1=" " ind2=" ">
    <subfield code="b">ill., graph., tabl., 29 cm</subfield>
  </datafield>
  <datafield tag="130" ind1=" " ind2=" ">
    <subfield code="l">Fr</subfield>
  </datafield>
  <datafield tag="710" ind1=" " ind2=" ">
    <subfield code="a">&lt;Abomey-Calavi&gt;, &lt;Universit&#xE9; d'Abomey-Calavi&gt;, &lt;FAcult&#xE9; des Sciences Agronomiques&gt;, &lt;UAC&gt;, &lt;BJ&gt;</subfield>
  </datafield>
  <datafield tag="040" ind1=" " ind2=" ">
    <subfield code="a">Doc.</subfield>
  </datafield>
  <datafield tag="651" ind1=" " ind2=" ">
    <subfield code="a">OUEME</subfield>
  </datafield>
  <datafield tag="651" ind1=" " ind2=" ">
    <subfield code="a">VALLEE DE L'OUEME</subfield>
  </datafield>
  <datafield tag="041" ind1=" " ind2=" ">
    <subfield code="b">Fr</subfield>
  </datafield>
  <datafield tag="041" ind1=" " ind2=" ">
    <subfield code="b">En</subfield>
  </datafield>
  <datafield tag="653" ind1=" " ind2="1">
    <subfield code="a">Sciences et Techniques de Production V&#xE9;g&#xE9;tale</subfield>
  </datafield>
  <datafield tag="651" ind1=" " ind2=" ">
    <subfield code="a">BENIN</subfield>
  </datafield>
  <datafield tag="520" ind1=" " ind2=" ">
    <subfield code="a">Ce travail a &#xE9;valu&#xE9; la fertilit&#xE9; des six (06) sols d'agro&#xE9;cosyst&#xE8;mes diff&#xE9;rents de la vall&#xE9;e de l'Ou&#xE9;m&#xE9;</subfield>
  </datafield>
  <datafield tag="690" ind1=" " ind2=" ">
    <subfield code="a">AGROECOSYSTEME</subfield>
  </datafield>
  <datafield tag="690" ind1=" " ind2=" ">
    <subfield code="a">NIEBE</subfield>
  </datafield>
  <datafield tag="999" ind1=" " ind2=" ">
    <subfield code="c">30551</subfield>
    <subfield code="d">30551</subfield>
  </datafield>
  <datafield tag="952" ind1=" " ind2=" ">
    <subfield code="0">0</subfield>
    <subfield code="1">0</subfield>
    <subfield code="4">0</subfield>
    <subfield code="7">0</subfield>
    <subfield code="a">BIDOC</subfield>
    <subfield code="b">BIDOC</subfield>
    <subfield code="d">2005-05-08</subfield>
    <subfield code="l">0</subfield>
    <subfield code="o">A.8640.TPV.2001.005</subfield>
    <subfield code="r">2009-02-28 00:00:00</subfield>
    <subfield code="t">03</subfield>
    <subfield code="w">2009-02-28</subfield>
    <subfield code="y">LIVR</subfield>
    <subfield code="z">A.8635</subfield>
  </datafield>
</record>
